Dejiny umenia a umeleckoremeselnej práce

Gespeichert in:
Bibliographische Detailangaben
Hauptverfasser: Thiry, Karol (Verfasst von), Janek, Miroslav (Verfasst von)
Format: Buch
Sprache:Slowakisch
Veröffentlicht: Bratislava : Slovenské pedagogické nakladateľstvo, 1990
Tags: Tag hinzufügen
Keine Tags, Fügen Sie das erste Tag hinzu!

MARC

LEADER 00000nam a22000003a 4500
001 stu27349
005 20150617225656.1
008 940211s1990----xo------------------slo-d
020 |a 80-08-00297-2 
040 |a STU  |b slo 
041 0 |a slo 
044 |a xo 
080 |a 7.03 
100 1 |a Thiry, Karol  |4 aut 
245 1 |a Dejiny umenia a umeleckoremeselnej práce 
260 |a Bratislava :  |b Slovenské pedagogické nakladateľstvo,  |c 1990 
300 |a 261 s 
700 1 |a Janek, Miroslav  |4 aut 
996 |b 284V028307  |c V*42054/O-17957  |l VVT  |s A  |a 24  |w stu27349_0001